| 000 | 00612cam a2200205 a 4500 | ||
|---|---|---|---|
| 001 | 000001509 | ||
| 005 | 20200929145613.0 | ||
| 008 | 730220s1964 nyua b 000 0 eng d | ||
| 020 | _a0385032404 | ||
| 040 |
_aDO-SdBNP _bspa _cBNPHU |
||
| 082 |
_a915.2 _bS642j |
||
| 100 | 1 |
_aSmith, Bradley, _d1910- _94982 |
|
| 245 | 1 | 0 |
_aJapan : _ba history in art / _cBradley Smith. |
| 260 |
_aNew York : _bDoubleday & Company, _c1964. |
||
| 300 |
_a295 p. : _bil. ; _c33 cm. |
||
| 490 | 0 | _aA Gemini book | |
| 504 | _aBibliografía: p. 295. | ||
| 650 | 0 |
_aArt, japanese. _94983 |
|
| 651 | 0 |
_aJapan _xHistory _xPictorial Works. _94984 |
|
| 999 |
_c1413 _d1413 |
||